Waluty świata - waluty wszytkich krajów - Statystyki

Ogólne statystyki
  • Ten quiz został rozwiązany 57 razy
  • Średni wynik to 73 z 196
Statystyki odpowiedzi
Kraj: Waluta: % Poprawnych
Andora | Austria | Belgia | +23 others Euro
93%
Panama Balboa panamska/Dolar amerykański
73%
Timor Wschodni Centavo timorskie/Dolar amerykański
73%
Ekwador | Mikronezja | Palau | +2 others Dolar amerykański
73%
Salwador Dolar amerykański/Bitcoin
73%
Czechy Korona czeska
63%
Australia | Nauru Dolar australijski
60%
Kiribati Dolar Kiribati/Dolar australijski
60%
Tuvalu Dolar tuwalski/Dolar australijski
60%
Polska Złoty polski
60%
Lichtenstein | Szwajcaria Frank szwajcarski
58%
Szwecja Korona szwedzka
58%
Kanada Dolar kanadyjski
53%
Wielka Brytania Funt brytyjski
53%
Japonia Jen japoński
53%
Norwegia Korona norweska
53%
Argentyna Peso argentyńskie
53%
Dania Korona duńska
50%
Bhutan Ngultrum/Rupia indyjska
50%
Turcja Lira turecka
48%
Białoruś Rubel białoruski
48%
Rosja Rubel rosyjski
48%
Indie Rupia indyjska
48%
Albania Lek albański
45%
Meksyk Peso meksykańskie
45%
Algieria Dinar algierski
43%
Kolumbia Peso kolumbijskie
43%
Afganistan Afgani
40%
Kuwejt Dinar kuwejcki
40%
Nowa Zelandia Dolar nowozelandzki
40%
Bułgaria Lew bułgarski
40%
Chile Peso chilijskie
40%
Brazylia Real Brazylijski
40%
Bahamy Dolar bahamski
38%
Antigua i Barbuda | Dominika | Grenada | +3 others Dolar wschodniokaraibski
38%
Ukraina Hrywna ukraińska
38%
Islandia Korona islandzka
38%
Mołdawia Lej mołdawski
38%
Kuba Peso kubańskie
38%
Brunei Darussalam Dolar brunejski/Dolar singapurski
35%
Arabia Saudyjska Rial saudyjski
35%
Barbados Dolar barbadoski
33%
Singapur Dolar singapurski
33%
Węgry Forint węgierski
33%
Benin | Burkina Faso | Czad | +11 others Frank CFA
33%
Rumunia Lej rumuński
33%
Jamajka Dolar jamajski
30%
Urugwaj Peso urugwajskie
30%
Indonezja Rupia indonezyjska
30%
Korea Północna Won północnokoreański
30%
Korea Południowa Won południowokoreański
30%
Jordania Dinar jordański
28%
Armenia Dram armeński
28%
Egipt Funt egipski
28%
Eswatini Lilangeni/Rand południowoafrykański
28%
Lesotho Loti lesotyjskie/Rand południowoafrykański
28%
Dominikana Peso dominikańskie
28%
RPA Rand południowoafrykański
28%
Jemen Rial jemeński
28%
Katar Rial katarski
28%
Pakistan Rupia pakistańska
28%
Serbia Dinar serbski
25%
Tunezja Dinar tunezyjski
25%
Liberia Dolar liberyjski
25%
Azerbejdżan Manat azerbejdżański
25%
Filipiny Peso filipińskie
25%
Iran Rial irański/Toman
25%
Oman Rial omański
25%
Malediwy Rupia malediwska
25%
Boliwia Boliviano boliwijskie
23%
Irak Dinar iracki
23%
Libia Dinar libijski
23%
Wietnam Dong wietnamski
23%
Gruzja Lari gruzińskie
23%
Honduras Lempira honduraska
23%
Bośnia i Hercegowina Marka zamienna
23%
Gwatemala Quetzal gwatemalski
23%
Wenezuela Boliwar wenezuelski
20%
Kostaryka Colon kostarykański
20%
Gujana Dolar gujański
20%
Turkmenistan Manat turkmeński
20%
Sri Lanka Rupia lankijska
20%
Nepal Rupia nepalska
20%
Uzbekistan Sum uzbecki
20%
Bangladesz Taka bengalska
20%
Kazachstan Tenge kazachskie
20%
Tajlandia Bat tajski
18%
Bahrajn Dinar bahrajski
18%
Maroko Dirham marokański
18%
ZEA Dirham Zjednoczonych Emiratów Arabskich
18%
Belize Dolar belizeński
18%
Burundi Frank burundyjski
18%
Demokratyczna Republika Konga Frank kongijski
18%
Liban Funt libański
18%
Sudan Funt sudański
18%
Haiti Gourde haitański
18%
Kambodża Riel kambodżański
18%
Malezja Ringgit malezyjski
18%
Kirgistan Som kirgiski
18%
Kenia Szyling kenijski
18%
Mongolia Tugrik mongolski
18%
Ghana Cedi ghańskie
15%
Macedonia Północna Denar macedoński
15%
Surinam Dolar surinamski
15%
Trynidad i Tobago Dolar Trynidadu i Tobago
15%
Dżibuti Frank dżibutyjski
15%
Gwinea Frank gwinejski
15%
Sudan Południowy Funt południowosudański
15%
Syria Funt syryjski
15%
Paragwaj Guarani paragwajskie
15%
Laos Kip laotański
15%
Angola Kwanza angolska
15%
Izrael Nowy izraelski szekel
15%
Botswana Pula botswańska
15%
Chiny Renminbi
15%
Peru Sol peruwiański
15%
Uganda Szyling ugandyjski
15%
Madagaskar Ariary madagaskarskie
13%
Nikaragua Cordoba oro
13%
Gambia Dalasi gambijskie
13%
Malawi Kwacha malawijska
13%
Somalia Szyling somalijski
13%
Tanzania Szyling tanzański
13%
Zimbabwe Zimbabwe Gold
13%
Etiopia Birr etiopski
10%
Wyspy Świętego Tomasza i Książęca Dobra Wysp Świętego Tomasza i Książęcej
10%
Fidżi Dolar fidżyjski
10%
Wyspy Salomona Dolar Wysp Salomona
10%
Rwanda Frank rwandyjski
10%
Zambia Kwacha zambijska
10%
Nigeria Naira nigeryjska
10%
Erytrea Nakfa erytrejska
10%
Seszele Rupia seszelska
10%
Tadżykistan Somoni tadżyckie
10%
Namibia Dolar namibijski
8%
Komory Frank Komorów
8%
Papua-Nowa Gwinea Kina Papui-Nowej Gwinei
8%
Sierra Leone Leone sierraleońskie
8%
Mozambik Metical mozambijski
8%
Samoa Tala samoańska
8%
Mauretania Ugija mauretańska
8%
Palestyna Funt palestyński
5%
Tonga Pa'anga tongijska
5%
Mauritius Rupia Mauritiusu
5%
Vanuatu Vatu vanuatuańskie
5%
Republika Zielonego Przylądka Escudo Zielonego Przylądka
3%
Mjanma Kiat mianmański
3%
Nie znaleziono quizów pasujących do podanych kryteriów
Rozkład punktacji
Procent ludzi z każdym wynikiem
Percentyl według liczby udzielonych odpowiedzi
Twoja historia wyników
Nie rozwiązałeś tego quizu